Statistics for Top 50 Comic Book Heroes

Click here to take the quiz!

General Stats

  • This quiz has been taken 71,121 times
    (71,095 since last reset)
  • The average score is 19 of 50

Answer Stats

#Hero% Correct
2Batman
99%
1Superman
99%
3Spider-Man
94%
9The Hulk
89%
12Iron Man
87%
6Captain America
83%
5Wonder Woman
79%
14Thor
77%
4Wolverine
75%
7Green Lantern
69%
49The Flash II
(Barry Allen)
69%
8The Flash III
(Wally West)
69%
11Dick Grayson
(aka Robin, Nightwing)
66%
32Tim Drake
(aka Red Robin)
65%
46The Human Torch
54%
44Hawkeye
51%
22Professor X
51%
18The Thing
51%
39Cyclops
50%
42Storm
47%
40Mr Fantastic
45%
20Catwoman
42%
13Jean Gray
(aka Phoenix)
39%
31Deadpool
37%
10Daredevil
36%
30The Green Arrow
35%
17Barbara Gordon
(aka Batgirl, Oracle)
30%
50Captain Marvel
30%
38Dr Strange
26%
41The Silver Surfer
25%
27The Punisher
19%
43Martian Manhunter
17%
33Nick Fury
16%
36Spawn
11%
25Hellboy
10%
16Rorschach
9%
15Dream of the Endless
8%
19Commissioner Gordon
7%
47Shadowcat
7%
29Constantine
6%
35Judge Dredd
6%
28The Swamp Thing
6%
26Rick Grimes
5%
23Raphael
4%
37The Crow
3%
48The Great Machine
3%
21The Spirit
3%
34Jesse Custer
2%
45Spider Jerusalem
2%
24Yorick Brown
2%

Score Distribution

Percentile by Number Answered

Percent of People with Each Score

Your Score History

You have not taken this quiz since the last reset